| 000 | 00868nas a2200289 4500 | ||
|---|---|---|---|
| 001 | BR2010005938 | ||
| 003 | BR-BrBNA | ||
| 005 | 20231205114808.0 | ||
| 007 | ta | ||
| 008 | 230509b bl.|||p| |||| 00| 00por d | ||
| 040 |
_aBR-BrBNA _bpor _cBiblioteca Nacional de Agricultura |
||
| 041 | _a(Pt) | ||
| 072 | _aF50 | ||
| 100 | 1 | _aRamos, A. | |
| 100 | 1 | _aBovi, M.L.A. | |
| 100 | 1 | _aFolegatti, M.V. | |
| 100 | 1 | _aDiotto, A.V. | |
| 245 | 1 | _aEstimativas da área foliar e da biomassa aérea da pupunheira por meio de relações alométricas | |
| 650 | _aPUPUNHA | ||
| 650 | _aESTRUTURA VEGETAL | ||
| 650 | _aCRESCIMENTO | ||
| 650 | _aÁREA FOLIAR | ||
| 650 | _aBIOMASSA | ||
| 773 | 0 |
_tHorticultura Brasileira (Brazil) _xISSN 0102-0536 _g(Apr-Jun 2008), v. 26(2) p. 138-143 _wBR2010005938 |
|
| 909 |
_a202311 _bLúcia _c55 _dLúcia Elande |
||
| 942 |
_2AGRIS _n0 _cANA |
||
| 999 |
_c210536 _d210536 |
||